[Event "24th European Women Club Cup 2019"]
[Site "Ulcinj"]
[Date "2019.11.14"]
[Round "5.7"]
[White "Hoang, Thanh Trang"]
[Black "Abdumalik, Zhansaya"]
[Result "1-0"]
[WhiteElo "2414"]
[BlackElo "2472"]
[Annotator "TA"]
[PlyCount "125"]
[EventDate "2019.11.10"]
[EventType "team-tourn"]
[EventCountry "MNE"]
[SourceTitle "playchess.com"]
[Source "ChessBase"]
[SourceQuality "1"]
[WhiteTeam "Novy Bor"]
[BlackTeam "Kyiv"]

{[%evp 12,125,13,4,4,4,4,4,10,5,56,72,64,64,68,56,64,63,58,45,64,53,67,64,98,90,89,91,100,100,100,100,106,101,105,75,75,69,82,82,82,82,89,89,89,73,89,82,82,82,90,85,107,107,107,107,125,123,132,80,87,80,132,132,139,139,171,125,212,206,240,241,363,362,349,171,171,171,171,171,171,171,171,171,171,171,171,171,171,171,171,171,29977,29978,29980,29981,29981,29981,29981,29982,29982,29983,29983,8,29983,29984,29986,29987,29985,29986,29986,29987,29987,29988,29988,164]} 1. d4 Nf6 2. Nf3 g6 3. Bf4 d5 4. e3 Bg7 5. Be2 c5 6. c3 O-O 7. O-O Nc6 {D02: 1 d4 d5 2 Nf3 sidelines, including 2...Nf6 3 g3 and 2...Nf6 3 Bf4} 8. Nbd2 b6 (8... Nd7 9. Qb3 c4 10. Qa3 b5 11. e4 Nb6 12. Qc5 dxe4 13. Nxe4 Qd5 14. Qxd5 Nxd5 15. Bg3 {1-0 (76) Artemiev,V (2691)-Ding,L (2777) Huaian 2017}) 9. Ne5 Bb7 {The position is equal.} 10. b4 Nd7 ({Black should play} 10... c4 $11) 11. Nxd7 $14 Qxd7 12. bxc5 e5 $146 ({Predecessor:} 12... bxc5 13. Bb5 Qf5 14. Nb3 cxd4 15. cxd4 {0-1 (59) Sirnik,B (2254)-Zvan,Z (2269) Ljubljana 2014}) 13. dxe5 Nxe5 14. cxb6 axb6 15. Qb3 Rfc8 16. Rfc1 Qc6 17. Nf3 Nxf3+ 18. Bxf3 Ra5 19. Rab1 Ba6 20. Qxb6 Qxb6 21. Rxb6 Bc4 22. h4 h5 23. Rb8 Rxb8 24. Bxb8 Bf6 25. Bd6 Rxa2 26. g3 $1 Ra5 27. Bb4 Rb5 28. Ra1 Kg7 {...Rxb4! is the strong threat.} 29. Ra5 Rxa5 30. Bxa5 $16 {[%mdl 4096] Endgame KBB-KBB} Kh6 31. Kg2 g5 32. hxg5+ Kxg5 33. Bd1 Bg7 34. Bc2 f5 35. f3 (35. Ba4 $142) 35... Bf6 36. Bb4 Bg7 (36... Bd8 $142) 37. Ba4 Bf6 38. Bd7 Kg6 39. Be8+ Kh6 {[#]} (39... Kg5 $16 40. Bf7 Bd8) 40. Bf7 $1 $18 h4 {[#] If Black can now play ...hxg3 this consolidates a bit.} 41. e4 $1 {[%mdl 512]} fxe4 (41... Be2 {was worth a try.} 42. exd5 Bc4) (41... dxe4 42. Bxc4) 42. fxe4 hxg3 43. Kxg3 ({Weaker is} 43. exd5 Kg5 $11) (43. Bxd5 $142 Be2 44. Kxg3) 43... Kg5 {intending ...Be5+.} 44. Bxd5 Bxd5 45. exd5 {KB-KB} Kf5 46. c4 Ke4 47. d6 Kd4 48. c5 Kd5 49. Kf4 Bd8 50. Kf5 Bh4 51. Kg6 {aiming for Kf7.} Ke6 $2 (51... Kc6 $18 52. Kf5 Kd5) 52. c6 Bg3 {[#]} 53. c7 $1 Kd7 54. Kf6 Bh2 55. Kf5 Bg3 56. Ke4 Bf2 57. Bc3 $2 (57. Bd2 Bh4 58. Bf4 Be1 59. Kd5 Bh4 60. Kc5 Bf2+ 61. Kb5 Bh4 62. Kb6) 57... Bg3 $2 {[%mdl 8192]} (57... Bb6 $11) 58. Be5 {White mates.} Bf2 59. Kd5 Bh4 60. Kc5 Bf2+ 61. Kb5 Be3 62. Ka6 Kc8 {[#]} 63. d7+ $1 {Accuracy: White = 79%, Black = 57%.} 1-0

[Event "24th European Women Club Cup 2019"]
[Site "Ulcinj"]
[Date "2019.11.14"]
[Round "5.8"]
[White "Osmak, Iulija"]
[Black "Rodshtein, Tereza"]
[Result "1-0"]
[WhiteElo "2401"]
[BlackElo "2195"]
[Annotator "NA"]
[PlyCount "87"]
[EventDate "2019.11.10"]
[EventType "team-tourn"]
[EventCountry "MNE"]
[SourceTitle "playchess.com"]
[Source "ChessBase"]
[SourceQuality "1"]
[WhiteTeam "Kyiv"]
[BlackTeam "Novy Bor"]
[TimeControl "40/5400+30:1800+30"]

1. d4 {[%emt 0:00:00]} d5 {[%emt 0:00:00]} 2. c4 {[%emt 0:00:00]} c6 {[%emt 0:00:00]} 3. cxd5 {[%emt 0:00:00]} cxd5 {[%emt 0:00:03]} 4. Nc3 {[%emt 0:00:00]} Nf6 {[%emt 0:00:16]} 5. Bf4 {[%emt 0:00:00]} Nc6 {[%emt 0:00:35]} 6. e3 {[%emt 0:00:00]} Bf5 {[%emt 0:01:00]} 7. Qb3 {[%emt 0:00:14]} Na5 {[%emt 0:00:25]} 8. Qa4+ {[%emt 0:00:05]} Bd7 {[%emt 0:00:26]} 9. Qc2 {[%emt 0:00:06]} e6 {[%emt 0:01:15]} 10. Nf3 {[%emt 0:00:05]} Be7 {[%emt 0:01:01]} 11. h3 {[%emt 0:00:53]} Ne4 {[%emt 0:00:32]} 12. Bd3 {[%emt 0:00:26]} f5 {[%emt 0:01:18]} 13. O-O {[%emt 0:01:43]} O-O {[%emt 0:07:49]} 14. Nxd5 {[%emt 0:07:15]} exd5 {[%emt 0:00:49]} 15. Bc7 {[%emt 0:00:09]} Qe8 {[%emt 0:04:40]} 16. Bxa5 {[%emt 0:00:23]} Bd6 {[%emt 0:00:49]} 17. Qb3 {[%emt 0:03:30]} Be6 {[%emt 0:26:49]} 18. Bb4 {[%emt 0:08:28]} Qe7 {[%emt 0:02:28]} 19. Bxd6 {[%emt 0:01:37]} Nxd6 {[%emt 0:00:47]} 20. Qa3 {[%emt 0:06:29]} a6 {[%emt 0:09:32]} 21. Rfe1 {[%emt 0:05:41]} Rad8 {[%emt 0:01:28]} 22. Rac1 {[%emt 0:02:58]} Qf6 {[%emt 0:01:42]} 23. Bf1 {[%emt 0:01:28]} g5 {[%emt 0:03:09]} 24. Ne5 {[%emt 0:01:48]} g4 {[%emt 0:03:27]} 25. g3 {[%emt 0:11:32]} f4 {[%emt 0:05:56]} 26. exf4 {[%emt 0:02:35]} gxh3 {[%emt 0:00:07]} 27. Qf3 {[%emt 0:01:17]} Kh8 {[%emt 0:06:26]} 28. Qh5 {[%emt 0:04:03]} Nf5 {[%emt 0:08:51]} 29. Ng4 {[%emt 0:22:07]} Qf7 {[%emt 0:07:08]} 30. Qxf7 {[%emt 0:00:46]} Bxf7 {[%emt 0:00:02]} 31. Rcd1 {[%emt 0:05:44]} Bh5 {[%emt 0:01:23]} 32. Bxh3 {[%emt 0:00:05]} Rc8 {[%emt 0:04:31]} 33. Rd2 {[%emt 0:01:17]} Rc4 {[%emt 0:00:12]} 34. Re5 {[%emt 0:04:37]} Nxd4 {[%emt 0:01:17]} 35. Rxd4 {[%emt 0:01:23]} Rxd4 {[%emt 0:00:17]} 36. Rxh5 {[%emt 0:00:02]} Rd1+ {[%emt 0:00:08]} 37. Kg2 {[%emt 0:00:46]} d4 {[%emt 0:00:06]} 38. Ne5 {[%emt 0:00:53]} Rf6 {[%emt 0:00:56]} 39. Rf5 {[%emt 0:01:41]} Rb6 {[%emt 0:01:15]} 40. Rg5 {[%emt 0:00:00]} Rf6 {[%emt 0:00:00]} 41. Be6 {[%emt 0:11:01]} h6 {[%emt 0:01:16]} 42. Rg8+ {[%emt 0:00:57]} Kh7 {[%emt 0:00:05]} 43. Bb3 {[%emt 0:00:04]} Rd2 {[%emt 0:01:01]} 44. Nd7 {[%emt 0:00:32]} 1-0

[Event "24th European Women Club Cup 2019"]
[Site "Ulcinj"]
[Date "2019.11.14"]
[Round "5.9"]
[White "Mammadzada, Gunay"]
[Black "Gunina, Valentina"]
[Result "1-0"]
[WhiteElo "2427"]
[BlackElo "2509"]
[Annotator "ChessBase"]
[PlyCount "109"]
[EventDate "2019.11.10"]
[EventType "team-tourn"]
[EventCountry "MNE"]
[SourceTitle "playchess.com"]
[Source "ChessBase"]
[SourceQuality "1"]
[WhiteTeam "Odlar Yurdu"]
[BlackTeam "Maribor"]
[TimeControl "40/5400+30:1800+30"]

1. e4 {[%emt 0:00:00]} c6 {[%emt 0:00:00]} 2. d4 {[%emt 0:00:00]} d5 {[%emt 0:00:00]} 3. Nc3 {[%emt 0:00:00]} dxe4 {[%emt 0:00:00]} 4. Nxe4 {[%emt 0:00:03]} Bf5 {[%emt 0:00:00]} 5. Ng3 {[%emt 0:00:05]} Bg6 {[%emt 0:00:00]} 6. h4 {[%emt 0:00:16]} h6 {[%emt 0:00:00]} 7. Nf3 {[%emt 0:00:04]} e6 {[%emt 0:00:01]} 8. Ne5 {[%emt 0:00:47]} Bh7 {[%emt 0:00:09]} 9. Bd3 {[%emt 0:05:03]} Bxd3 {[%emt 0:00:38]} 10. Qxd3 {[%emt 0:00:10]} Nf6 {[%emt 0:01:19]} 11. O-O {[%emt 0:09:29]} Be7 {[%emt 0:04:00]} 12. Rd1 {[%emt 0:14:43]} Nbd7 {[%emt 0:00:45]} 13. Nxd7 {[%emt 0:03:51]} Qxd7 {[%emt 0:01:00]} 14. c4 {[%emt 0:03:00]} O-O-O {[%emt 0:05:40]} 15. Qf3 {[%emt 0:03:43]} Rhg8 {[%emt 0:06:55]} 16. Bf4 {[%emt 0:09:15]} g5 {[%emt 0:07:14]} 17. hxg5 {[%emt 0:03:23]} hxg5 {[%emt 0:00:02]} 18. Be5 {[%emt 0:00:09]} g4 {[%emt 0:00:24]} 19. Qf4 {[%emt 0:08:16]} Nh7 {[%emt 0:00:34]} 20. Qxf7 {[%emt 0:05:15]} Ng5 {[%emt 0:00:21]} 21. Qf4 {[%emt 0:00:06]} Rdf8 {[%emt 0:00:55]} 22. Qe3 {[%emt 0:01:51]} Bd8 {[%emt 0:10:22]} 23. d5 {[%emt 0:05:36]} b6 {[%emt 0:16:28]} 24. dxc6 {[%emt 0:04:51]} Qxc6 {[%emt 0:00:07]} 25. Rd6 {[%emt 0:00:13]} Qc5 {[%emt 0:07:15]} 26. Qxc5+ {[%emt 0:06:22]} bxc5 {[%emt 0:00:03]} 27. Re1 {[%emt 0:00:52]} Rg6 {[%emt 0:02:57]} 28. Ne4 {[%emt 0:04:18]} Nf7 {[%emt 0:01:26]} 29. Rc6+ {[%emt 0:02:09]} Kb7 {[%emt 0:01:40]} 30. Rxe6 {[%emt 0:01:51]} Rxe6 {[%emt 0:02:55]} 31. Nxc5+ {[%emt 0:00:10]} Kc8 {[%emt 0:00:27]} 32. Nxe6 {[%emt 0:00:39]} Ba5 {[%emt 0:04:53]} 33. Nxf8 {[%emt 0:02:25]} Bxe1 {[%emt 0:00:06]} 34. Bd4 {[%emt 0:00:28]} Nd6 {[%emt 0:00:34]} 35. b3 {[%emt 0:01:24]} a5 {[%emt 0:01:18]} 36. Kf1 {[%emt 0:00:56]} Bb4 {[%emt 0:00:05]} 37. Nh7 {[%emt 0:01:43]} a4 {[%emt 0:01:03]} 38. g3 {[%emt 0:02:06]} Ne4 {[%emt 0:04:16]} 39. Nf6 {[%emt 0:02:57]} Nd2+ {[%emt 0:00:05]} 40. Ke2 {[%emt 0:00:00]} axb3 {[%emt 0:00:00]} 41. axb3 {[%emt 0:00:18]} Nxb3 {[%emt 0:01:01]} 42. Kd3 {[%emt 0:02:54]} Ba5 {[%emt 0:00:15]} 43. Nxg4 {[%emt 0:00:09]} Kd7 {[%emt 0:00:35]} 44. f4 {[%emt 0:02:47]} Ke6 {[%emt 0:00:32]} 45. Ne3 {[%emt 0:01:02]} Nc1+ {[%emt 0:00:22]} 46. Ke4 {[%emt 0:00:20]} Nb3 {[%emt 0:00:55]} 47. f5+ {[%emt 0:00:43]} Kf7 {[%emt 0:00:07]} 48. g4 {[%emt 0:01:37]} Nd2+ {[%emt 0:00:05]} 49. Kd5 {[%emt 0:00:31]} Nf3 {[%emt 0:00:21]} 50. c5 {[%emt 0:00:11]} Bc7 {[%emt 0:00:30]} 51. c6 {[%emt 0:00:27]} Ke7 {[%emt 0:00:22]} 52. Bc5+ {[%emt 0:00:05]} Kd8 {[%emt 0:00:39]} 53. Bd6 {[%emt 0:01:17]} Bb6 {[%emt 0:00:04]} 54. Nc4 {[%emt 0:00:38]} Bf2 {[%emt 0:00:30]} 55. Ne5 {[%emt 0:00:17]} 1-0

[Event "24th European Women Club Cup 2019"]
[Site "Ulcinj"]
[Date "2019.11.14"]
[Round "5.10"]
[White "Caglar, Sila"]
[Black "Fataliyeva, Ulviyya"]
[Result "0-1"]
[WhiteElo "2242"]
[BlackElo "2368"]
[Annotator "NA"]
[PlyCount "64"]
[EventDate "2019.11.10"]
[EventType "team-tourn"]
[EventCountry "MNE"]
[SourceTitle "playchess.com"]
[Source "ChessBase"]
[SourceQuality "1"]
[WhiteTeam "Maribor"]
[BlackTeam "Odlar Yurdu"]
[TimeControl "40/5400+30:1800+30"]

1. e4 {[%emt 0:00:00]} e6 {[%emt 0:00:00]} 2. d4 {[%emt 0:00:00]} d5 {[%emt 0:00:00]} 3. Nd2 {[%emt 0:00:00]} Be7 {[%emt 0:00:00]} 4. e5 {[%emt 0:00:02]} c5 {[%emt 0:00:00]} 5. c3 {[%emt 0:00:04]} Nc6 {[%emt 0:00:00]} 6. Bd3 {[%emt 0:00:38]} Bd7 {[%emt 0:08:16]} 7. Ne2 {[%emt 0:00:34]} cxd4 {[%emt 0:05:34]} 8. cxd4 {[%emt 0:00:09]} Nh6 {[%emt 0:00:07]} 9. Nf3 {[%emt 0:04:20]} Nf5 {[%emt 0:02:38]} 10. O-O {[%emt 0:01:36]} Rc8 {[%emt 0:04:08]} 11. Bd2 {[%emt 0:10:15]} O-O {[%emt 0:05:44]} 12. Rc1 {[%emt 0:03:48]} Kh8 {[%emt 0:06:10]} 13. Bc3 {[%emt 0:05:30]} b5 {[%emt 0:02:08]} 14. Ng3 {[%emt 0:02:24]} b4 {[%emt 0:10:55]} 15. Bd2 {[%emt 0:25:36]} Ncxd4 {[%emt 0:14:10]} 16. Nxd4 {[%emt 0:00:42]} Nxd4 {[%emt 0:00:07]} 17. Qg4 {[%emt 0:00:40]} Nc6 {[%emt 0:01:16]} 18. Rce1 {[%emt 0:03:00]} g6 {[%emt 0:04:21]} 19. Qh3 {[%emt 0:06:16]} f5 {[%emt 0:04:47]} 20. exf6 {[%emt 0:00:30]} Rxf6 {[%emt 0:00:11]} 21. Bg5 {[%emt 0:07:07]} e5 {[%emt 0:00:11]} 22. Qh6 {[%emt 0:00:19]} Re6 {[%emt 0:04:03]} 23. f4 {[%emt 0:04:05]} e4 {[%emt 0:05:18]} 24. Nxe4 {[%emt 0:03:17]} dxe4 {[%emt 0:00:39]} 25. Bxe4 {[%emt 0:00:35]} Qf8 {[%emt 0:06:06]} 26. Qh4 {[%emt 0:00:32]} Re8 {[%emt 0:01:58]} 27. Bxc6 {[%emt 0:06:45]} Bxg5 {[%emt 0:01:41]} 28. Qxg5 {[%emt 0:04:10]} Rxe1 {[%emt 0:07:03]} 29. Bxd7 {[%emt 0:00:07]} Qd6 {[%emt 0:00:09]} 30. Bb5 {[%emt 0:02:28]} Qb6+ {[%emt 0:00:06]} 31. Kh1 {[%emt 0:00:05]} Rxf1+ {[%emt 0:00:03]} 32. Bxf1 {[%emt 0:00:02]} Re1 {[%emt 0:00:04]} 0-1

[Event "24th European Women Club Cup 2019"]
[Site "Ulcinj"]
[Date "2019.11.14"]
[Round "5.11"]
[White "Mammadova, Gulnar"]
[Black "Vidic, Teja"]
[Result "1-0"]
[WhiteElo "2369"]
[BlackElo "2189"]
[Annotator "NA"]
[PlyCount "61"]
[EventDate "2019.11.10"]
[EventType "team-tourn"]
[EventCountry "MNE"]
[SourceTitle "playchess.com"]
[Source "ChessBase"]
[SourceQuality "1"]
[WhiteTeam "Odlar Yurdu"]
[BlackTeam "Maribor"]
[TimeControl "40/5400+30:1800+30"]

1. e4 {[%emt 0:00:00]} c5 {[%emt 0:00:00]} 2. b3 {[%emt 0:00:00]} d6 {[%emt 0:02:42]} 3. Bb2 {[%emt 0:00:00]} e5 {[%emt 0:00:17]} 4. Bb5+ {[%emt 0:01:25]} Nc6 {[%emt 0:01:53]} 5. Ne2 {[%emt 0:00:42]} Nge7 {[%emt 0:07:35]} 6. O-O {[%emt 0:00:53]} g6 {[%emt 0:00:24]} 7. c3 {[%emt 0:02:43]} Bg7 {[%emt 0:00:30]} 8. d4 {[%emt 0:05:53]} O-O {[%emt 0:01:04]} 9. Na3 {[%emt 0:01:58]} a6 {[%emt 0:03:22]} 10. Bxc6 {[%emt 0:01:00]} Nxc6 {[%emt 0:00:13]} 11. Qd2 {[%emt 0:03:00]} b5 {[%emt 0:03:09]} 12. Nc2 {[%emt 0:06:46]} Bb7 {[%emt 0:06:53]} 13. d5 {[%emt 0:09:02]} Ne7 {[%emt 0:00:42]} 14. f4 {[%emt 0:01:44]} f5 {[%emt 0:11:37]} 15. c4 {[%emt 0:07:19]} Nc8 {[%emt 0:11:42]} 16. exf5 {[%emt 0:08:25]} gxf5 {[%emt 0:01:01]} 17. fxe5 {[%emt 0:04:07]} dxe5 {[%emt 0:00:20]} 18. Ng3 {[%emt 0:01:48]} Nd6 {[%emt 0:01:51]} 19. Rae1 {[%emt 0:01:19]} Qe7 {[%emt 0:11:45]} 20. Nh5 {[%emt 0:02:38]} Bh8 {[%emt 0:02:00]} 21. Qe3 {[%emt 0:04:28]} Rae8 {[%emt 0:02:57]} 22. Qg3+ {[%emt 0:05:05]} Kf7 {[%emt 0:00:50]} 23. Ne3 {[%emt 0:00:30]} Rg8 {[%emt 0:07:02]} 24. Nxf5 {[%emt 0:03:32]} Rxg3 {[%emt 0:00:06]} 25. Nxe7+ {[%emt 0:00:10]} Kxe7 {[%emt 0:00:07]} 26. hxg3 {[%emt 0:04:00]} bxc4 {[%emt 0:00:50]} 27. Bxe5 {[%emt 0:00:18]} Bxe5 {[%emt 0:00:08]} 28. Rxe5+ {[%emt 0:00:04]} Kd8 {[%emt 0:00:10]} 29. Rxe8+ {[%emt 0:00:29]} Kxe8 {[%emt 0:00:10]} 30. bxc4 {[%emt 0:02:19]} Nxc4 {[%emt 0:00:12]} 31. Rc1 {[%emt 0:00:21]} 1-0

[Event "24th European Women Club Cup 2019"]
[Site "Ulcinj"]
[Date "2019.11.14"]
[Round "5.12"]
[White "Mar, Karmen"]
[Black "Mamedjarova, Zeinab"]
[Result "1/2-1/2"]
[WhiteElo "2041"]
[BlackElo "2280"]
[Annotator "NA"]
[PlyCount "52"]
[EventDate "2019.11.10"]
[EventType "team-tourn"]
[EventCountry "MNE"]
[SourceTitle "playchess.com"]
[Source "ChessBase"]
[SourceQuality "1"]
[WhiteTeam "Maribor"]
[BlackTeam "Odlar Yurdu"]
[TimeControl "40/5400+30:1800+30"]

1. e4 {[%emt 0:00:00]} d5 {[%emt 0:00:00]} 2. exd5 {[%emt 0:00:00]} Qxd5 {[%emt 0:00:00]} 3. Nc3 {[%emt 0:00:04]} Qd8 {[%emt 0:00:00]} 4. d4 {[%emt 0:00:17]} Nf6 {[%emt 0:00:12]} 5. Nf3 {[%emt 0:00:30]} e6 {[%emt 0:00:00]} 6. Ne5 {[%emt 0:00:23]} Be7 {[%emt 0:01:14]} 7. Be3 {[%emt 0:00:27]} Nbd7 {[%emt 0:02:58]} 8. Qf3 {[%emt 0:05:11]} c6 {[%emt 0:04:45]} 9. Qg3 {[%emt 0:12:08]} g6 {[%emt 0:03:11]} 10. O-O-O {[%emt 0:04:12]} Nd5 {[%emt 0:07:06]} 11. Bd2 {[%emt 0:19:21]} Nxc3 {[%emt 0:18:44]} 12. Bxc3 {[%emt 0:01:26]} Nxe5 {[%emt 0:07:58]} 13. dxe5 {[%emt 0:07:19]} Qc7 {[%emt 0:01:45]} 14. Be2 {[%emt 0:15:06]} Bd7 {[%emt 0:02:03]} 15. Bd4 {[%emt 0:04:32]} O-O-O {[%emt 0:04:01]} 16. h4 {[%emt 0:04:08]} h5 {[%emt 0:02:26]} 17. Be3 {[%emt 0:02:39]} c5 {[%emt 0:06:57]} 18. Bg5 {[%emt 0:03:45]} Bc6 {[%emt 0:06:54]} 19. Bxe7 {[%emt 0:05:24]} Qxe7 {[%emt 0:00:07]} 20. Bf3 {[%emt 0:04:42]} Bd5 {[%emt 0:01:10]} 21. Bxd5 {[%emt 0:03:03]} exd5 {[%emt 0:00:23]} 22. Rhe1 {[%emt 0:00:58]} Qe6 {[%emt 0:05:06]} 23. Qa3 Qb6 {[%emt 0:00:32]} 24. Qf3 {[%emt 0:01:34]} Qe6 {[%emt 0:06:19]} 25. Qa3 {[%emt 0:00:14]} Qb6 {[%emt 0:09:38]} 26. Qf3 {[%emt 0:00:08]} Qe6 {[%emt 0:06:18]} 1/2-1/2

[Event "24th European Women Club Cup 2019"]
[Site "Ulcinj"]
[Date "2019.11.14"]
[Round "5.13"]
[White "Ushenina, Anna"]
[Black "Injac, Teodora"]
[Result "1/2-1/2"]
[WhiteElo "2439"]
[BlackElo "2257"]
[Annotator "RC"]
[PlyCount "134"]
[EventDate "2019.11.10"]
[EventType "team-tourn"]
[EventCountry "MNE"]
[SourceTitle "playchess.com"]
[Source "ChessBase"]
[SourceQuality "1"]
[WhiteTeam "Ugra"]
[BlackTeam "Jelica PEP"]
[TimeControl "40/5400+30:1800+30"]

1. d4 {[%emt 0:00:00]} Nf6 {[%emt 0:00:00]} 2. c4 {[%emt 0:00:00]} e6 {[%emt 0:00:00]} 3. Nc3 {[%emt 0:00:27]} Bb4 {[%emt 0:00:00]} 4. e3 {[%emt 0:00:42]} O-O {[%emt 0:00:33]} 5. Nge2 {[%emt 0:00:45]} d5 {[%emt 0:00:48]} 6. a3 {[%emt 0:00:22]} Bd6 {[%emt 0:00:56]} 7. Ng3 {[%emt 0:03:53]} c6 {[%emt 0:07:10]} 8. Be2 {[%emt 0:07:02]} dxc4 {[%emt 0:04:51]} 9. Bxc4 {[%emt 0:00:21]} e5 {[%emt 0:00:28]} 10. O-O {[%emt 0:23:53]} exd4 {[%emt 0:07:02]} 11. exd4 {[%emt 0:00:00]} Nbd7 {[%emt 0:02:49]} 12. Bb3 {[%emt 0:13:12]} Nb6 {[%emt 0:03:41]} 13. Bc2 {[%emt 0:12:29]} Re8 {[%emt 0:31:34]} 14. Qd3 {[%emt 0:04:48]} h6 {[%emt 0:12:48]} 15. Nf5 {[%emt 0:06:05]} Bxf5 {[%emt 0:01:35]} 16. Qxf5 {[%emt 0:00:01]} Qc8 {[%emt 0:00:45]} 17. Qd3 {[%emt 0:00:38]} Qg4 {[%emt 0:02:01]} 18. h3 {[%emt 0:02:19]} Qe6 {[%emt 0:02:21]} 19. Qf3 {[%emt 0:05:53]} Bc7 {[%emt 0:01:26]} 20. Bf5 {[%emt 0:03:02]} Qd6 {[%emt 0:00:24]} 21. g3 {[%emt 0:00:03]} Nbd5 {[%emt 0:00:55]} 22. Rd1 {[%emt 0:02:26]} Re7 {[%emt 0:04:25]} 23. Bd2 {[%emt 0:01:39]} Rae8 {[%emt 0:00:41]} 24. h4 {[%emt 0:04:28]} Bb6 {[%emt 0:00:41]} 25. Qd3 {[%emt 0:00:52]} Bc7 {[%emt 0:04:17]} 26. Re1 {[%emt 0:00:44]} Rxe1+ {[%emt 0:01:29]} 27. Bxe1 {[%emt 0:00:04]} Bb6 {[%emt 0:02:31]} 28. Bh3 {[%emt 0:01:19]} Nc7 {[%emt 0:01:42]} 29. Ne2 {[%emt 0:00:17]} Ne6 {[%emt 0:02:11]} 30. Bc3 {[%emt 0:00:06]} Nd5 {[%emt 0:01:56]} 31. Qc4 {[%emt 0:03:07]} Nec7 {[%emt 0:00:25]} 32. a4 {[%emt 0:00:35]} a5 {[%emt 0:00:29]} 33. Rd1 {[%emt 0:00:14]} Qg6 {[%emt 0:00:48]} 34. Nc1 {[%emt 0:01:36]} Qf6 {[%emt 0:02:28]} 35. Nb3 {[%emt 0:00:44]} Qf3 {[%emt 0:00:41]} 36. Qd3 {[%emt 0:03:10]} Qxd3 {[%emt 0:00:29]} 37. Rxd3 {[%emt 0:00:01]} Nxc3 {[%emt 0:00:29]} 38. bxc3 {[%emt 0:00:08]} Re1+ {[%emt 0:00:32]} 39. Kg2 {[%emt 0:00:01]} Nd5 {[%emt 0:00:29]} 40. Bc8 {[%emt 0:00:00]} Re7 {[%emt 0:00:00]} 41. c4 {[%emt 0:05:39]} Nb4 {[%emt 0:11:47]} 42. Rd2 {[%emt 0:03:53]} Kf8 {[%emt 0:04:25]} 43. Kf1 {[%emt 0:02:20]} Ke8 {[%emt 0:03:41]} 44. Bg4 {[%emt 0:02:42]} Kd8 {[%emt 0:05:20]} 45. Bf3 {[%emt 0:05:14]} Kc8 {[%emt 0:01:13]} 46. Be2 {[%emt 0:00:56]} Kb8 {[%emt 0:00:46]} 47. Kg2 {[%emt 0:00:47]} Re6 {[%emt 0:02:09]} 48. h5 {[%emt 0:01:06]} Re7 {[%emt 0:00:31]} 49. Kf3 {[%emt 0:00:26]} Re6 {[%emt 0:00:27]} 50. Kg4 {[%emt 0:02:00]} Re4+ {[%emt 0:02:10]} 51. Kf3 {[%emt 0:00:38]} Re6 {[%emt 0:00:04]} 52. Kg2 {[%emt 0:03:55]} Re7 {[%emt 0:00:17]} 53. Kf1 {[%emt 0:00:16]} Re6 {[%emt 0:02:18]} 54. Ke1 {[%emt 0:00:21]} Re7 {[%emt 0:00:35]} 55. Kd1 {[%emt 0:00:15]} Re8 {[%emt 0:00:25]} 56. Kc1 {[%emt 0:00:31]} Bd8 {[%emt 0:00:42]} 57. Kd1 {[%emt 0:02:19]} Bg5 {[%emt 0:00:26]} 58. Rb2 {[%emt 0:00:52]} b6 {[%emt 0:00:17]} 59. c5 {[%emt 0:03:01]} Kc7 {[%emt 0:00:21]} 60. cxb6+ {[%emt 0:00:25]} Kxb6 {[%emt 0:00:04]} 61. Bc4 {[%emt 0:00:18]} f5 {[%emt 0:01:53]} 62. Re2 {[%emt 0:00:41]} Rd8 {[%emt 0:01:08]} 63. f4 {[%emt 0:04:45]} Bf6 {[%emt 0:00:03]} 64. Rd2 {[%emt 0:00:06]} Re8 {[%emt 0:01:15]} 65. Re2 {[%emt 0:00:13]} Rd8 {[%emt 0:00:06]} 66. Rd2 {[%emt 0:00:10]} Re8 {[%emt 0:00:01]} 67. Re2 {[%emt 0:00:44]} Rd8 {[%emt 0:00:31]} 1/2-1/2

[Event "24th European Women Club Cup 2019"]
[Site "Ulcinj"]
[Date "2019.11.14"]
[Round "5.14"]
[White "Velikic, Adela"]
[Black "Pogonina, Natalija"]
[Result "0-1"]
[WhiteElo "2275"]
[BlackElo "2479"]
[Annotator "ChessBase"]
[PlyCount "80"]
[EventDate "2019.11.10"]
[EventType "team-tourn"]
[EventCountry "MNE"]
[SourceTitle "playchess.com"]
[Source "ChessBase"]
[SourceQuality "1"]
[WhiteTeam "Jelica PEP"]
[BlackTeam "Ugra"]
[TimeControl "40/5400+30:1800+30"]

1. e4 {[%emt 0:00:00]} e5 {[%emt 0:00:00]} 2. Nf3 {[%emt 0:00:00]} Nc6 {[%emt 0:00:00]} 3. Bc4 {[%emt 0:00:00]} Bc5 {[%emt 0:00:00]} 4. O-O {[%emt 0:00:00]} Nf6 {[%emt 0:00:16]} 5. d3 {[%emt 0:00:00]} d6 {[%emt 0:00:56]} 6. c3 {[%emt 0:00:02]} a6 {[%emt 0:00:17]} 7. a4 {[%emt 0:00:06]} Ba7 {[%emt 0:00:34]} 8. h3 {[%emt 0:00:23]} O-O {[%emt 0:02:18]} 9. Bg5 {[%emt 0:04:00]} h6 {[%emt 0:05:08]} 10. Bh4 {[%emt 0:00:12]} g5 {[%emt 0:01:12]} 11. Nxg5 {[%emt 0:31:23]} hxg5 {[%emt 0:00:10]} 12. Bxg5 {[%emt 0:00:03]} Kg7 {[%emt 0:04:02]} 13. Qf3 {[%emt 0:00:22]} Kg6 {[%emt 0:02:33]} 14. Bh4 {[%emt 0:07:47]} Rg8 {[%emt 0:15:40]} 15. Na3 {[%emt 0:17:54]} Be6 {[%emt 0:04:22]} 16. Nc2 {[%emt 0:02:15]} Nb8 {[%emt 0:02:36]} 17. Ne3 {[%emt 0:01:16]} Nbd7 {[%emt 0:03:18]} 18. Nf5 {[%emt 0:06:49]} Kh7 {[%emt 0:03:00]} 19. Kh1 {[%emt 0:00:55]} Rg6 {[%emt 0:01:58]} 20. g4 {[%emt 0:02:48]} Kh8 {[%emt 0:03:22]} 21. g5 {[%emt 0:04:15]} Nh7 {[%emt 0:01:43]} 22. Rg1 {[%emt 0:11:07]} Ndf8 {[%emt 0:03:34]} 23. Rg4 {[%emt 0:01:28]} Qd7 {[%emt 0:03:08]} 24. Nh6 {[%emt 0:03:11]} Bxg4 {[%emt 0:05:34]} 25. hxg4 {[%emt 0:00:23]} Ne6 {[%emt 0:02:34]} 26. Qf5 {[%emt 0:01:06]} Kg7 {[%emt 0:03:59]} 27. f4 {[%emt 0:02:03]} exf4 {[%emt 0:05:01]} 28. Rf1 {[%emt 0:00:16]} Be3 {[%emt 0:06:37]} 29. d4 {[%emt 0:01:51]} Rd8 {[%emt 0:01:52]} 30. Qd5 {[%emt 0:00:51]} Nhxg5 {[%emt 0:03:39]} 31. Nf5+ {[%emt 0:00:10]} Kg8 {[%emt 0:00:22]} 32. Qxb7 {[%emt 0:01:14]} Re8 {[%emt 0:03:19]} 33. Bxa6 {[%emt 0:00:19]} Nd8 {[%emt 0:01:25]} 34. Bb5 {[%emt 0:01:51]} Qe6 {[%emt 0:00:54]} 35. Qd5 {[%emt 0:00:31]} c6 {[%emt 0:02:00]} 36. Bxc6 {[%emt 0:00:34]} Nxc6 {[%emt 0:00:05]} 37. Qxc6 {[%emt 0:00:31]} Nxe4 {[%emt 0:01:27]} 38. d5 {[%emt 0:00:32]} Qe5 {[%emt 0:00:46]} 39. Nxe3 {[%emt 0:00:24]} fxe3 {[%emt 0:00:31]} 40. Rf5 {[%emt 0:00:00]} Nf2+ {[%emt 0:00:00]} 0-1